Подробности
| 000 -МАРКЕР |
| контрольное поле |
01043nam a2200277 c 4500 |
| 001 - КОНТРОЛЬНЫЙ НОМЕР ЗАПИСИ |
| контрольное поле |
000030291 |
| 003 - ПРИНАДЛЕЖНОСТЬ КОНТРОЛЬНОГО НОМЕРА |
| контрольное поле |
RuMoIPM |
| 005 - ДАТА И ВРЕМЯ ПОСЛЕДНЕЙ ТРАНЗАКЦИИ |
| контрольное поле |
20260413121411.0 |
| 008 - ЭЛЕМЕНТЫ ДАННЫХ ФИКСИРОВАННОЙ ДЛИНЫ |
| контрольное поле |
201105s1985 ru a||||||||||||||||rus d |
| 035 ## - КОНТРОЛЬНЫЙ НОМЕР СИСТЕМЫ |
| контрольный номер системы |
(RuMoBEN) 000140164 |
| 035 ## - КОНТРОЛЬНЫЙ НОМЕР СИСТЕМЫ |
| контрольный номер системы |
(RuMoBEN Bibliobus) 257589 |
| 040 ## - ОРГАНИЗАЦИЯ-СОЗДАТЕЛЬ ЗАПИСИ |
| организация-создатель исходной библиографической записи |
RuMoBEN |
| язык каталогизации |
rus |
| правила каталогизации |
rcr |
| 041 ## - КОД ЯЗЫКА |
| код языка текста |
Русский |
| 044 ## - КОД СТРАНЫ ПУБЛИКАЦИИ/ИЗГОТОВЛЕНИЯ |
| MARC код страны публикации/изготовления |
Российская Федерация |
| 080 ## - ИНДЕКС УНИВЕРСАЛЬНОЙ ДЕСЯТИЧНОЙ КЛАССИФИКАЦИИ |
| индекс Универсальной десятичной классификации |
519.6 |
| 080 ## - ИНДЕКС УНИВЕРСАЛЬНОЙ ДЕСЯТИЧНОЙ КЛАССИФИКАЦИИ |
| индекс Универсальной десятичной классификации |
517.5 |
| 100 1# - ИМЯ ЛИЦА КАК ОСНОВНОЙ ПОИСКОВЫЙ ПРИЗНАК |
| имя лица |
Келдыш, Мстислав Всеволодович |
| 245 00 - ОБЛАСТЬ ЗАГЛАВИЯ И СВЕДЕНИЙ ОБ ОТВЕТСТВЕННОСТИ |
| заглавие |
Избранные труды |
| сведения, относящиеся к заглавию, и т. д |
Математика |
| сведения об ответственности и т. д |
М. В. Келдыш ; ред.: К. И. Бабенко, Н. Н. Боголюбов, Н. Н. Ченцов ; [Академия наук СССР] |
| 260 ## - ОБЛАСТЬ ВЫХОДНЫХ ДАННЫХ |
| место публикации, распространения, изготовления и т. д |
Москва |
| издательство, издатель, распространитель и т. д |
Наука |
| дата издания, распространения и т. д |
1985 |
| 300 ## - ОБЛАСТЬ КОЛИЧЕСТВЕННОЙ ХАРАКТЕРИСТИКИ |
| объём |
447 с. |
| прочее |
портр. |
| 504 ## - ПРИМЕЧАНИЕ О НАЛИЧИИ БИБЛИОГРАФИЧЕСКИХ ПЕРЕЧНЕЙ И ССЫЛОК |
| текст примечания |
Имен. указ.: с. 443 |
| 700 0# - ИМЯ ЛИЦА КАК ДОБАВОЧНЫЙ ПОИСКОВЫЙ ПРИЗНАК |
| имя лица |
Боголюбов, Николай Николаевич |
| роль лица относительно произведения |
ред. |
| 700 0# - ИМЯ ЛИЦА КАК ДОБАВОЧНЫЙ ПОИСКОВЫЙ ПРИЗНАК |
| имя лица |
Бабенко, Константин Иванович |
| роль лица относительно произведения |
ред. |
| 700 0# - ИМЯ ЛИЦА КАК ДОБАВОЧНЫЙ ПОИСКОВЫЙ ПРИЗНАК |
| имя лица |
Ченцов, Николай Николаевич |
| роль лица относительно произведения |
ред. |
| 942 ## - ДАННЫЕ О ЗАПИСИ (KOHA) |
| Тип экземпляра (KOHA) |
Книга |